| 000 | 00543nam a2200181Ia 4500 | ||
|---|---|---|---|
| 005 | 20250508151904.0 | ||
| 008 | 008 250505s9999 xx 000 0 hin d | ||
| 037 | _aTextual | ||
| 040 |
_aFEDL _beng _cFEDL |
||
| 041 |
_ahin _2eng |
||
| 084 |
_a371.73, GOG _qFEDL |
||
| 100 |
_aGogte Bhaskar Ramkrishan _9760291 |
||
| 245 | 0 | _aSharirik shikshan: Vikas wa niyogan | |
| 260 |
_aPune, India _bAkhil Maharastra Sharirik Shikshan Mandal Prakashan |
||
| 300 | _a347p. | ||
| 942 |
_cTEXL _h371.73, GOG |
||
| 999 |
_c1332738 _d1332738 |
||